Land information management (Record no. 89645)

MARC details
000 -LEADER
fixed length control field 00814cam a2200217 4500
008 - FIXED-LENGTH DATA ELEMENTS--GENERAL INFORMATION
fixed length control field 090401t1988 xxu||||| |||| 00| 0 eng d
020 ## - INTERNATIONAL STANDARD BOOK NUMBER
International Standard Book Number 0198584059
035 ## - SYSTEM CONTROL NUMBER
System control number (Sirsi) u31911
041 ## - LANGUAGE CODE
Language code of text/sound track or separate title eng
050 ## - LIBRARY OF CONGRESS CALL NUMBER
Classification number 333.70285
-- 18
100 ## - MAIN ENTRY--PERSONAL NAME
Personal name Dale, Peter F.
245 ## - TITLE STATEMENT
Title Land information management
Remainder of title an introduction with special reference to cadastral problems in third world countries
260 ## - PUBLICATION, DISTRIBUTION, ETC.
Place of publication, distribution, etc. Oxford
Name of publisher, distributor, etc. Clarendon Press
Date of publication, distribution, etc. 1988
300 ## - PHYSICAL DESCRIPTION
Extent xii, 266p.
Dimensions 24cm.
350 ## - PRICE (NR) (BK AM CF MU VM SE) [OBSOLETE]
Price 15
520 ## - SUMMARY, ETC.
Summary, etc. A practical handbook examining the different ypes of cadastral survey, surveying techniques, data handling, the economics of land information systems and other management issues.
690 ## - LOCAL SUBJECT ADDED ENTRY--TOPICAL TERM (OCLC, RLIN)
Topical term or geographic name as entry element ENVIRONMENTAL AND LAND CONSULTANCY-GEOMATICS
700 ## - ADDED ENTRY--PERSONAL NAME
Personal name McLaughlin, John D.
942 ## - ADDED ENTRY ELEMENTS (KOHA)
Suppress in OPAC 0
948 ## - LOCAL PROCESSING INFORMATION (OCLC); SERIES PART DESIGNATOR (RLIN)
c (OCLC) 04/03/1997
Holdings
Withdrawn status Lost status Source of classification or shelving scheme Damaged status Not for loan Home library Current library Shelving location Date acquired Cost, normal purchase price Total Checkouts Full call number Barcode Date last seen Date last checked out Copy number Cost, replacement price Price effective from Koha item type
    Dewey Decimal Classification     London London Books 14/09/1999 15.00 4 333.70285 DAL 30002772 06/08/2019 09/08/2004 1 15.00 06/08/2019 Book